<?xml version="1.0" encoding="UTF-8"?>
<record
    xmlns:xsi="http://www.w3.org/2001/XMLSchema-instance"
    xsi:schemaLocation="http://www.loc.gov/MARC21/slim http://www.loc.gov/standards/marcxml/schema/MARC21slim.xsd"
    xmlns="http://www.loc.gov/MARC21/slim">

  <leader>00370nam a22001217a 4500</leader>
  <controlfield tag="008">221103b        |||||||| |||| 00| 0 eng d</controlfield>
  <datafield tag="022" ind1=" " ind2=" ">
    <subfield code="a">0972-0707</subfield>
  </datafield>
  <datafield tag="040" ind1=" " ind2=" ">
    <subfield code="a">National Science Library</subfield>
    <subfield code="c">National Science Library</subfield>
  </datafield>
  <datafield tag="245" ind1=" " ind2=" ">
    <subfield code="a">Journal of conservative dentistry</subfield>
  </datafield>
  <datafield tag="260" ind1=" " ind2=" ">
    <subfield code="a">Mumbai: </subfield>
    <subfield code="b">Medknow Publications and Media Pvt. Ltd.,</subfield>
    <subfield code="c">1998</subfield>
  </datafield>
  <datafield tag="310" ind1=" " ind2=" ">
    <subfield code="a">Bimonthly</subfield>
  </datafield>
  <datafield tag="942" ind1=" " ind2=" ">
    <subfield code="c">CR</subfield>
  </datafield>
  <datafield tag="999" ind1=" " ind2=" ">
    <subfield code="c">27689</subfield>
    <subfield code="d">27689</subfield>
  </datafield>
  <datafield tag="952" ind1=" " ind2=" ">
    <subfield code="0">0</subfield>
    <subfield code="1">0</subfield>
    <subfield code="3">Vol. 18 (1-6), 2015</subfield>
    <subfield code="4">0</subfield>
    <subfield code="7">0</subfield>
    <subfield code="9">40740</subfield>
    <subfield code="a">NSL</subfield>
    <subfield code="b">NSL</subfield>
    <subfield code="c">FF/Rk-14/C-13/R-5</subfield>
    <subfield code="d">2016-10-13</subfield>
    <subfield code="l">0</subfield>
    <subfield code="p">254115</subfield>
    <subfield code="r">2022-11-03 00:00:00</subfield>
    <subfield code="w">2016-10-13</subfield>
    <subfield code="y">CR</subfield>
  </datafield>
  <datafield tag="952" ind1=" " ind2=" ">
    <subfield code="0">0</subfield>
    <subfield code="1">0</subfield>
    <subfield code="3">Vol. 7-8 (1-3,2-4), 2004-05</subfield>
    <subfield code="4">0</subfield>
    <subfield code="7">0</subfield>
    <subfield code="9">40744</subfield>
    <subfield code="a">NSL</subfield>
    <subfield code="b">NSL</subfield>
    <subfield code="c">FF/Rk-14/C-13/R-5</subfield>
    <subfield code="d">2016-10-13</subfield>
    <subfield code="l">0</subfield>
    <subfield code="p">254111</subfield>
    <subfield code="r">2022-11-03 00:00:00</subfield>
    <subfield code="w">2016-10-13</subfield>
    <subfield code="y">CR</subfield>
  </datafield>
  <datafield tag="952" ind1=" " ind2=" ">
    <subfield code="0">0</subfield>
    <subfield code="1">0</subfield>
    <subfield code="3">Vol. 5 (1-4), 2002</subfield>
    <subfield code="4">0</subfield>
    <subfield code="7">0</subfield>
    <subfield code="9">40745</subfield>
    <subfield code="a">NSL</subfield>
    <subfield code="b">NSL</subfield>
    <subfield code="c">FF/Rk-14/C-13/R-5</subfield>
    <subfield code="d">2013-09-19</subfield>
    <subfield code="l">0</subfield>
    <subfield code="p">243986</subfield>
    <subfield code="r">2022-11-03 00:00:00</subfield>
    <subfield code="w">2013-09-19</subfield>
    <subfield code="y">CR</subfield>
  </datafield>
  <datafield tag="952" ind1=" " ind2=" ">
    <subfield code="0">0</subfield>
    <subfield code="1">0</subfield>
    <subfield code="3">Vol. 6 (1-4), 2003</subfield>
    <subfield code="4">0</subfield>
    <subfield code="7">0</subfield>
    <subfield code="9">40746</subfield>
    <subfield code="a">NSL</subfield>
    <subfield code="b">NSL</subfield>
    <subfield code="c">FF/Rk-14/C-13/R-5</subfield>
    <subfield code="d">2013-09-19</subfield>
    <subfield code="l">0</subfield>
    <subfield code="p">243987</subfield>
    <subfield code="r">2022-11-03 00:00:00</subfield>
    <subfield code="w">2013-09-19</subfield>
    <subfield code="y">CR</subfield>
  </datafield>
  <datafield tag="952" ind1=" " ind2=" ">
    <subfield code="0">0</subfield>
    <subfield code="1">0</subfield>
    <subfield code="3">Vol. 4 (1-4), 2001</subfield>
    <subfield code="4">0</subfield>
    <subfield code="7">0</subfield>
    <subfield code="9">40747</subfield>
    <subfield code="a">NSL</subfield>
    <subfield code="b">NSL</subfield>
    <subfield code="c">FF/Rk-14/C-13/R-5</subfield>
    <subfield code="d">2013-09-19</subfield>
    <subfield code="l">0</subfield>
    <subfield code="p">243975</subfield>
    <subfield code="r">2022-11-03 00:00:00</subfield>
    <subfield code="w">2013-09-19</subfield>
    <subfield code="y">CR</subfield>
  </datafield>
  <datafield tag="952" ind1=" " ind2=" ">
    <subfield code="0">0</subfield>
    <subfield code="1">0</subfield>
    <subfield code="3">Vol. 1 (1-4), 1998</subfield>
    <subfield code="4">0</subfield>
    <subfield code="7">0</subfield>
    <subfield code="9">40750</subfield>
    <subfield code="a">NSL</subfield>
    <subfield code="b">NSL</subfield>
    <subfield code="c">FF/Rk-14/C-13/R-5</subfield>
    <subfield code="d">2013-09-02</subfield>
    <subfield code="l">0</subfield>
    <subfield code="p">243784</subfield>
    <subfield code="r">2022-11-03 00:00:00</subfield>
    <subfield code="w">2013-09-02</subfield>
    <subfield code="y">CR</subfield>
  </datafield>
  <datafield tag="952" ind1=" " ind2=" ">
    <subfield code="0">0</subfield>
    <subfield code="1">0</subfield>
    <subfield code="3">Vol. 2-3 (2-4,1-2,4), 1999-2000</subfield>
    <subfield code="4">0</subfield>
    <subfield code="7">0</subfield>
    <subfield code="9">40751</subfield>
    <subfield code="a">NSL</subfield>
    <subfield code="b">NSL</subfield>
    <subfield code="c">FF/Rk-14/C-13/R-5</subfield>
    <subfield code="d">2016-10-13</subfield>
    <subfield code="l">0</subfield>
    <subfield code="p">254110</subfield>
    <subfield code="r">2022-11-03 00:00:00</subfield>
    <subfield code="w">2016-10-13</subfield>
    <subfield code="y">CR</subfield>
  </datafield>
  <datafield tag="952" ind1=" " ind2=" ">
    <subfield code="0">0</subfield>
    <subfield code="1">0</subfield>
    <subfield code="3">Vol. 9-10 (1-4,2-4), 2006-07</subfield>
    <subfield code="4">0</subfield>
    <subfield code="7">0</subfield>
    <subfield code="9">40752</subfield>
    <subfield code="a">NSL</subfield>
    <subfield code="b">NSL</subfield>
    <subfield code="c">FF/Rk-14/C-13/R-5</subfield>
    <subfield code="d">2016-10-13</subfield>
    <subfield code="l">0</subfield>
    <subfield code="p">254112</subfield>
    <subfield code="r">2022-11-03 00:00:00</subfield>
    <subfield code="w">2016-10-13</subfield>
    <subfield code="y">CR</subfield>
  </datafield>
  <datafield tag="952" ind1=" " ind2=" ">
    <subfield code="0">0</subfield>
    <subfield code="1">0</subfield>
    <subfield code="3">Vol. 16 (1-6), 2013</subfield>
    <subfield code="4">0</subfield>
    <subfield code="7">0</subfield>
    <subfield code="9">40754</subfield>
    <subfield code="a">NSL</subfield>
    <subfield code="b">NSL</subfield>
    <subfield code="c">FF/Rk-14/C-13/R-5</subfield>
    <subfield code="d">2016-10-13</subfield>
    <subfield code="l">0</subfield>
    <subfield code="p">254113</subfield>
    <subfield code="r">2022-11-03 00:00:00</subfield>
    <subfield code="w">2016-10-13</subfield>
    <subfield code="y">CR</subfield>
  </datafield>
  <datafield tag="952" ind1=" " ind2=" ">
    <subfield code="0">0</subfield>
    <subfield code="1">0</subfield>
    <subfield code="3">Vol. 17 (1-6), 2014</subfield>
    <subfield code="4">0</subfield>
    <subfield code="7">0</subfield>
    <subfield code="9">40755</subfield>
    <subfield code="a">NSL</subfield>
    <subfield code="b">NSL</subfield>
    <subfield code="c">FF/Rk-14/C-13/R-5</subfield>
    <subfield code="d">2016-10-13</subfield>
    <subfield code="l">0</subfield>
    <subfield code="p">254114</subfield>
    <subfield code="r">2022-11-03 00:00:00</subfield>
    <subfield code="w">2016-10-13</subfield>
    <subfield code="y">CR</subfield>
  </datafield>
</record>
